| 000 | 00777nam a2200193Ia 4500 | ||
|---|---|---|---|
| 008 | 151121s9999||||xx |||||||||||||| ||und|| | ||
| 082 | _a801।9/जावडे | ||
| 082 | _bHNW-60884 | ||
| 100 | _a जावडेकर मुरलीधर | ||
| 245 | _aसाहित्यातील प्रीती आणि भक्ती | ||
| 260 | _b"नूतन प्रकाशन, पुणे।" | ||
| 260 | _c-- | ||
| 300 | _a259 | ||
| 600 | _a जावडेकर मुरलीधर | ||
| 630 | _aसाहित्यातील प्रीती आणि भक्ती | ||
| 700 | _a जावडेकर मुरलीधर | ||
| 730 | _aसाहित्यातील प्रीती आणि भक्ती | ||
| 942 | _cBOOK | ||
| 999 |
_c1242431 _d1242428 |
||